Drones / (Record no. 1475)

MARC details
000 -LEADER
fixed length control field 01169cam a2200289 i 4500
005 - DATE AND TIME OF LATEST TRANSACTION
control field 20231211141451.0
020 ## - INTERNATIONAL STANDARD BOOK NUMBER
International Standard Book Number 9780531224809 (library binding)
020 ## - INTERNATIONAL STANDARD BOOK NUMBER
International Standard Book Number 9780531222706 (pbk.)
040 ## - CATALOGING SOURCE
Original cataloging agency NJQ/DLC
Language of cataloging eng
Transcribing agency NJQ
Description conventions rda
Modifying agency DLC
050 00 - LIBRARY OF CONGRESS CALL NUMBER
Classification number UG1242.D7
Item number M34 2016
082 04 - DEWEY DECIMAL CLASSIFICATION NUMBER
Classification number 623.74/69
Edition number 23
100 1# - MAIN ENTRY--PERSONAL NAME
Personal name Marsico, Katie,
Dates associated with a name 1980-
Relator term author.
245 10 - TITLE STATEMENT
Title Drones /
Statement of responsibility, etc. Katie Marsico.
260 ## - PUBLICATION, DISTRIBUTION, ETC.
Place of publication, distribution, etc. Raleigh :
Name of publisher, distributor, etc. Scholastic,
Date of publication, distribution, etc. 2016
300 ## - PHYSICAL DESCRIPTION
Extent 48 pages :
Other physical details color illustrations ;
Dimensions 22 cm
490 1# - SERIES STATEMENT
Series statement A true book
505 0# - FORMATTED CONTENTS NOTE
Formatted contents note U
505 0# - FORMATTED CONTENTS NOTE
Formatted contents note A unique flying force -- Past and present -- From massive tools to miniature toys -- The debate about drones -- Flying into the future.
520 ## - SUMMARY, ETC.
Summary, etc. "Learn all about unmanned aircraft, or drones, including how they were invented and improved over time, what they are used for today, and why they have sometimes caused controversy"--
Assigning source Provided by publisher.
521 ## - TARGET AUDIENCE NOTE
Target audience note 990 <br/>
Source Lexile
521 ## - TARGET AUDIENCE NOTE
Target audience note U <br/>
Source Raz-Plus
650 #0 - SUBJECT ADDED ENTRY--TOPICAL TERM
Topical term or geographic name entry element Drone aircraft
Form subdivision Juvenile literature.
650 #0 - SUBJECT ADDED ENTRY--TOPICAL TERM
Topical term or geographic name entry element Drone aircraft
General subdivision History
Form subdivision Juvenile literature.
906 ## - LOCAL DATA ELEMENT F, LDF (RLIN)
a 7
b cbc
c orignew
d 1
e ecip
f 20
g y-gencatlg
942 ## - ADDED ENTRY ELEMENTS (KOHA)
Source of classification or shelving scheme Dewey Decimal Classification
Koha item type Books
Suppress in OPAC No
999 ## -
-- 1475
-- 1475
Holdings
Withdrawn status Lost status Source of classification or shelving scheme Damaged status Not for loan Collection Home library Current library Shelving location Date acquired Total Checkouts Full call number Barcode Date last seen Date last checked out Price effective from Koha item type
    Dewey Decimal Classification     Non-Fiction Footprints International School Library Network Toul Kork Campus Footprints International School Library Network Toul Kork Campus   08/25/2023 1 MAR 623.74 UG1242.D7 FISTK05547 09/21/2023 09/14/2023 08/25/2023 Books